<?xml version="1.0" encoding="UTF-8"?><?xml-stylesheet type="text/xsl" href="static/style.xsl"?><OAI-PMH xmlns="http://www.openarchives.org/OAI/2.0/" xmlns:xsi="http://www.w3.org/2001/XMLSchema-instance" xsi:schemaLocation="http://www.openarchives.org/OAI/2.0/ http://www.openarchives.org/OAI/2.0/OAI-PMH.xsd"><responseDate>2026-04-29T12:25:16Z</responseDate><request verb="GetRecord" identifier="oai:repisalud.isciii.es:20.500.12105/12188" metadataPrefix="marc">https://repisalud.isciii.es/rest/oai/request</request><GetRecord><record><header><identifier>oai:repisalud.isciii.es:20.500.12105/12188</identifier><datestamp>2025-06-11T12:41:53Z</datestamp><setSpec>com_20.500.12105_2052</setSpec><setSpec>com_20.500.12105_2051</setSpec><setSpec>col_20.500.12105_19612</setSpec></header><metadata><record xmlns="http://www.loc.gov/MARC21/slim" xmlns:dcterms="http://purl.org/dc/terms/" xmlns:doc="http://www.lyncode.com/xoai" xmlns:xsi="http://www.w3.org/2001/XMLSchema-instance" xsi:schemaLocation="http://www.loc.gov/MARC21/slim http://www.loc.gov/standards/marcxml/schema/MARC21slim.xsd">
   <leader>00925njm 22002777a 4500</leader>
   <datafield ind2=" " ind1=" " tag="042">
      <subfield code="a">dc</subfield>
   </datafield>
   <datafield ind2=" " ind1=" " tag="720">
      <subfield code="a">Gonzalez-Enriquez, Jesus</subfield>
      <subfield code="e">author</subfield>
   </datafield>
   <datafield ind2=" " ind1=" " tag="720">
      <subfield code="a">Salvador-Llivina, T</subfield>
      <subfield code="e">author</subfield>
   </datafield>
   <datafield ind2=" " ind1=" " tag="720">
      <subfield code="a">López-Nicolás, A</subfield>
      <subfield code="e">author</subfield>
   </datafield>
   <datafield ind2=" " ind1=" " tag="720">
      <subfield code="a">Antón De Las Heras, E</subfield>
      <subfield code="e">author</subfield>
   </datafield>
   <datafield ind2=" " ind1=" " tag="720">
      <subfield code="a">Musin, A</subfield>
      <subfield code="e">author</subfield>
   </datafield>
   <datafield ind2=" " ind1=" " tag="720">
      <subfield code="a">Fernández, E</subfield>
      <subfield code="e">author</subfield>
   </datafield>
   <datafield ind2=" " ind1=" " tag="720">
      <subfield code="a">García, M</subfield>
      <subfield code="e">author</subfield>
   </datafield>
   <datafield ind2=" " ind1=" " tag="720">
      <subfield code="a">Schiaffino, A</subfield>
      <subfield code="e">author</subfield>
   </datafield>
   <datafield ind2=" " ind1=" " tag="720">
      <subfield code="a">Pérez-Escolano, I</subfield>
      <subfield code="e">author</subfield>
   </datafield>
   <datafield ind2=" " ind1=" " tag="260">
      <subfield code="c">2002</subfield>
   </datafield>
   <datafield ind2=" " ind1=" " tag="520">
      <subfield code="a">[ES]  Objetivo: Se valoran los efectos que tendría una intervención destinada a reducir el uso de tabaco en la población española de fumadores sobre la morbilidad, la mortalidad y los costes asociados al consumo de tabaco. Método: Se ha adaptado el modelo Health and Economic Consequences of Smoking patrocinado por la OMS y desarrollado por The Lewin Group. La intervención propuesta incluye el acceso a asistencia farmacológica de un 35% de los fumadores que intentan dejar de fumar, y obtienen una tasa global de cesación al año del 7,2%. Las enfermedades estudiadas son: cáncer de pulmón, enfermedad coronaria, enfermedad cerebrovascular, EPOC, asma y bajo peso al nacer. Se estiman los casos de enfermedad y muerte atribuibles al consumo de tabaco evitados y la reducción en el coste sanitario debidos a la intervención, proyectados a 20 años. Resultados: Sin intervención, en el año 1 del modelo 2.136.094 fumadores padecen alguna de las condiciones clínicas atribuibles al consumo de tabaco, el coste asistencial es de 4.286 millones de euros y las muertes atribuibles son 26.537. La intervención propuesta evita 2.613, 9.192, 17.415 y 23.837 casos de enfermedad atribuible al consumo de tabaco en los años 2, 5, 10 y 20 del modelo, respectivamente. Los costes asistenciales acumulados evitados son 3,5 millones de euros en el año 2 y 386 millones de euros a los 20 años. Las muertes acumuladas evitadas son 284 en el año 2 y 9.205 a los 20 años de la intervención. La intervención añade un total de 78.173 años de vida al final del período considerado. Conclusiones: La disponibilidad de nuevas intervenciones eficaces en el tratamiento del tabaquismo y el incremento de la accesibilidad a las mismas pueden contribuir de forma relevante a la reducción de la morbilidad, la mortalidad y los costes sanitarios asociados al tabaquismo en España. [EN] Objective: We estimated the effect that a smoking cessation intervention in the Spanish population of smokers would have on smoking-related morbidity, mortality and health care costs. Methods: We adopted the model Health and Economic Consequences of Smoking sponsored by the WHO Health Organization and developed by the The Lewin Group. The smoking cessation intervention proposed includes pharmacological treatment to 35% of smokers who are trying to quit smoking and obtains a quit rate of 7.2%. The diseases studied are: lung cancer, heart disease, stroke, chronic obstructive pulmonary disease, asthma exacerbation, and low birth weight. The smoking-related cases of disease and of averted death and the reduction in health care expenditure due to the intervention were estimated. Results: Without intervention, at year 1 of the model, 2,136,094 smokers would be affected by some smoking-related disease; health care expenditure would be 4,286 million e and deaths attributable to smoking would total 26,537. The proposed intervention would prevent 2,613, 9,192, 17,415 and 23,837 cases of smoking-related disease at years 2, 5, 10 and 20 of the model, respectively. The saving in accumulated health care costs would amount to 3.5 million e at year 2 and 386 million e over 20 years. The accumulated prevented deaths are 284 at year 2 and 9,205 over 20 years. The intervention would save a total of 78,173 life-years by the end of the period considered. Conclusions: The availability of new effective smoking cessation interventions and the increase in accessibility to such interventions may contribute significantly to reducing morbidity, mortality and health care costs associated with smoking in Spain.</subfield>
   </datafield>
   <datafield ind1="8" ind2=" " tag="024">
      <subfield code="a">Gac Sanit. Jul-Aug 2002;16(4):308-17.</subfield>
   </datafield>
   <datafield ind1="8" ind2=" " tag="024">
      <subfield code="a">10.1016/s0213-9111(02)71929-8</subfield>
   </datafield>
   <datafield ind1="8" ind2=" " tag="024">
      <subfield code="a">0213-9111</subfield>
   </datafield>
   <datafield ind1="8" ind2=" " tag="024">
      <subfield code="a">Gaceta sanitaria</subfield>
   </datafield>
   <datafield ind1="8" ind2=" " tag="024">
      <subfield code="a">12106550</subfield>
   </datafield>
   <datafield ind1="8" ind2=" " tag="024">
      <subfield code="a">http://hdl.handle.net/20.500.12105/12188</subfield>
   </datafield>
   <datafield tag="653" ind2=" " ind1=" ">
      <subfield code="a">Tabaco</subfield>
   </datafield>
   <datafield tag="653" ind2=" " ind1=" ">
      <subfield code="a">Tabaquismo</subfield>
   </datafield>
   <datafield tag="653" ind2=" " ind1=" ">
      <subfield code="a">Mortalidad</subfield>
   </datafield>
   <datafield tag="653" ind2=" " ind1=" ">
      <subfield code="a">Política asistencial</subfield>
   </datafield>
   <datafield tag="653" ind2=" " ind1=" ">
      <subfield code="a">Prevención y control</subfield>
   </datafield>
   <datafield tag="653" ind2=" " ind1=" ">
      <subfield code="a">Modelo económico</subfield>
   </datafield>
   <datafield tag="653" ind2=" " ind1=" ">
      <subfield code="a">Smoking</subfield>
   </datafield>
   <datafield tag="653" ind2=" " ind1=" ">
      <subfield code="a">Smoking cessation policy</subfield>
   </datafield>
   <datafield tag="653" ind2=" " ind1=" ">
      <subfield code="a">Mortality</subfield>
   </datafield>
   <datafield tag="653" ind2=" " ind1=" ">
      <subfield code="a">Prevention and control</subfield>
   </datafield>
   <datafield tag="653" ind2=" " ind1=" ">
      <subfield code="a">Economic model</subfield>
   </datafield>
   <datafield ind2="0" ind1="0" tag="245">
      <subfield code="a">Morbilidad, mortalidad y costes sanitarios evitables mediante una estrategia de tratamiento del tabaquismo en España</subfield>
   </datafield>
</record></metadata></record></GetRecord></OAI-PMH>